000 00255 a2200085 4500
100 1 _aPrangisvili, I.V..
_eAutor
245 0 _aMikroprocessory i mikro-EVM /
_cPrangisvili I.V..
710 2 _aEnergija.
_eWydawca
_4pbl
260 _aMoskva :
_bEnergija,
_c1979.
300 _a230 s.;
_c24 cm.
999 _c10852
_d10852